000 00491nam a2200181Ia 4500
001 20306
005 20260306172756.0
008 260306t2013||||xx |||||||||||||| ||spa||
041 _aESP
082 _a343.1
_bR93
100 _aRuiz Miguel, Carlos
_eAUT
245 0 _aConstitucionalismo clásico y moderno:
_bdesarrollos y desviaciones de los fundamentos de la teoría constitucional
260 _c2013
300 _a
_c
650 _aGEN
654 _aCDE
942 _cLIB
_dJUS
_fJUS
_2ddc
_n
999 _c20306
_d20306